| Tag |
First Indicator |
Second Indicator |
Subfields |
| LEADER |
00000cam a2200000 4500 |
| 001 |
in00000021223 |
| 005 |
20151007061019.0 |
| 008 |
750425s1966 enkacgh b 00010beng u |
| 010 |
|
|
|a 66004819
|
| 035 |
|
|
|a (OCoLC)01298092
|
| 035 |
|
|
|9 AAD0836AM
|
| 040 |
|
|
|c ORL
|d TXA
|d UtOrBLW
|
| 041 |
1 |
|
|a eng
|a fre
|
| 049 |
|
|
|a TXAM
|c [467821]
|
| 050 |
0 |
0 |
|a ML410.V4
|b P273
|
| 082 |
0 |
|
|a 780.924
|
| 092 |
|
|
|a 780.92
|b V484p
|
| 100 |
1 |
|
|a Petit, Pierre,
|d 1922-2000.
|
| 245 |
1 |
0 |
|a Verdi /
|c [by] Pierre Petit. Translated from the French by Patrick Bowles.
|
| 264 |
|
1 |
|a London :
|b Calder,
|c [1966]
|
| 300 |
|
|
|a 192 pages :
|b illustrations, facsimiles, music, portraits ;
|c 21 cm.
|
| 336 |
|
|
|a text
|b txt
|2 rdacontent
|
| 337 |
|
|
|a unmediated
|b n
|2 rdamedia
|
| 338 |
|
|
|a volume
|b nc
|2 rdacarrier
|
| 490 |
0 |
|
|a Illustrated Calder-books, CB. 55
|
| 504 |
|
|
|a Bibliography: pages 182-[183] Discography: pages 185-190.
|
| 600 |
1 |
0 |
|a Verdi, Giuseppe,
|d 1813-1901.
|
| 999 |
|
|
|a MARS
|
| 999 |
f |
f |
|s 8495a519-eac0-3159-8c67-0b21cd615d9e
|i 2244aa6a-dcee-3c9b-890d-96bd63e12880
|t 0
|
| 952 |
f |
f |
|p ric
|a Texas A&M University
|b Rellis Campus
|c Joint Library Facility
|d Remote Storage
|t 0
|e ML410.V4 P273
|h Library of Congress classification
|i unmediated -- volume
|m A14801168329
|
| 998 |
f |
f |
|a ML410.V4 P273
|t 0
|l Remote Storage
|